=LDR 00000nam 2200000 4500 =001 INLIS000000000810397 =005 20251207014740 =035 ##$$a 0010-1225000035 =007 ta =008 251207###########################0###### =020 ##$$a 978-6026-360-250 =082 ##$$a 297.125 =084 ##$$a R 297.125 NAW r =245 ##$$a Riyadhush shalihin /$c Imam an Nawawi =250 ##$$a Cet. 1 =260 ##$$a Jakarta : :$b Pustaka Imam Asy-Syafi'i, =300 ##$$a 1416 Halaman ; $c 17 x 24 cm